| 000 | 01380nam0a2200349 4500 | ||
|---|---|---|---|
| 001 | RU\NLR\bibl\161846 | ||
| 005 | 20260607070021.0 | ||
| 010 |
_a5-87983-024-1 _bСерия |
||
| 010 | _a5-87983-025-х | ||
| 035 | _a(NLR Aleph) 000158750 | ||
| 090 |
_a912719 _c912719 |
||
| 100 | _a20010608d1995 u y0rusy50 ca | ||
| 101 | 1 |
_arus _ceng |
|
| 102 |
_aRU _aUA |
||
| 105 | _ay ||||||||| | ||
| 200 | 1 |
_aПланетаризация сознания _eОт индивид. к целому _e[Пер. с англ.] _fДэйн Радьяр |
|
| 210 |
_aМ. _cREFL-book _aКиев _cВаклер _d1995 |
||
| 215 |
_a302,[1] с. _d21 |
||
| 225 | 1 | _aФилософия сквозь века | |
| 225 | 1 | _aБиблиотека эзотерической литературы | |
| 300 | _aЗагл. и авт. ориг.: The planetarization of consciousness / Dane Rudhyar | ||
| 454 | 0 |
_12001#$aThe planetarization of consciousness$fDane Rudhyar _tThe planetarization of consciousness |
|
| 606 |
_aСознание (филос.) _92146543 _3RU\NLR\auth\661293171 |
||
| 686 | _aЮ212.2 | ||
| 700 | 1 |
_4070 _7ca _8rus _aРадьяр _bД. _f1895-1985 _gДейн _9124391 _3RU\NLR\auth\7714723 |
|
| 801 | 0 |
_aRU _bNLR _c20010608 _gPSBO |
|
| 801 | 1 |
_aRU _bNLR _c20010608 |
|
| 852 |
_aNLR _j2000-3/15846 |
||
| 942 | _cBOOK | ||
| 980 | _aNB | ||